Statystyki dla Kraje najbliższe St Lucia

Kliknij tutaj aby rozwiązać quiz!

Ogólne statystyki

  • Ten quiz został rozwiązany 32 razy
  • Średni wynik to 16 z 20

Statystyki odpowiedzi

kmkraj% Poprawnych
129Dominika
100%
930Dominikana
100%
1503Bahamy
96%
1676Jamajka
96%
375Saint Kitts i Nevis
96%
145Barbados
89%
141Grenada
89%
585Gujana
89%
1105Kolumbia
89%
1554Kuba
89%
42Saint Vincent
i Grenadyny
89%
267Trynidad i Tobago
89%
673Wenezuela
89%
961Surinam
86%
333Antigua i Barbuda
75%
942Haiti
75%
942Brazylia
71%
854Curaçao
29%
965Aruba
25%
488Sint Maarten
18%

Rozkład punktacji

Percentyl według liczby udzielonych odpowiedzi

Procent ludzi z każdym wynikiem

Twoja historia wyników

Nie rozwiązałeś tego quizu